Historia mínima de la Suprema Corte de Justicia de México (Record no. 171713)

MARC details
000 -LEADER
fixed length control field 00834nam a2200229 4500
005 - DATE AND TIME OF LATEST TRANSACTION
control field 20250411115339.0
008 - FIXED-LENGTH DATA ELEMENTS--GENERAL INFORMATION
fixed length control field 250411b mx |||||||| |||| 00| 0 spa d
020 ## - INTERNATIONAL STANDARD BOOK NUMBER
International Standard Book Number 9786076289358
050 04 - LIBRARY OF CONGRESS CALL NUMBER
Classification number KGF2530
Item number M55 2019
100 1# - MAIN ENTRY--PERSONAL NAME
Personal name Mijangos y González, Pablo.
245 10 - TITLE STATEMENT
Title Historia mínima de la Suprema Corte de Justicia de México
Statement of responsibility, etc / Pablo Mijangos y González.
246 34 - VARYING FORM OF TITLE
Title proper/short title Suprema Corte de Justicia de México
250 ## - EDITION STATEMENT
Edition statement Primera edición.
260 ## - PUBLICATION, DISTRIBUTION, ETC. (IMPRINT)
Place of publication, distribution, etc Ciudad de México, México :
Name of publisher, distributor, etc El Colegio de México,
Date of publication, distribution, etc 2019.
300 ## - PHYSICAL DESCRIPTION
Extent 306 pagina ;
Dimensions 21 cm.
440 ## - SERIES STATEMENT/ADDED ENTRY--TITLE
Title as
490 0# - SERIES STATEMENT
Series statement Colección Historias mínim
504 ## - BIBLIOGRAPHY, ETC. NOTE
Bibliography, etc Incluye bibliografía (paginas 283-303).
610 ## - SUBJECT ADDED ENTRY--CORPORATE NAME
Corporate name or jurisdiction name as entry element México.
Subordinate unit Suprema Corte de Justicia
General subdivision Historia
650 #7 - SUBJECT ADDED ENTRY--TOPICAL TERM
Source of heading or term lemb
Topical term or geographic name as entry element Poder Judicial
General subdivision Historia
Geographic subdivision México
942 ## - ADDED ENTRY ELEMENTS (KOHA)
Source of classification or shelving scheme Biblioteca del Cogreso de los Estados Unidos
Suppress in OPAC 0
Koha item type Libro
Holdings
Estado de pérdida Fuente de clasificación Estado del daño No para préstamo Ubicación permanente Ubicación actual Apartado o colección Fecha de adquisición Edición Dependencia de educación superior (DES) Área del conocimiento Total Checkouts Clasificación Código de Barras Date last seen Número de copia Costo por reposición Tipo de recurso
  Biblioteca del Cogreso de los Estados Unidos     Biblioteca del Instituto de Investigaciones Históricas Biblioteca del Instituto de Investigaciones Históricas General 11/04/2025 1a ed. Humanidades Ciencias Sociales y Administrativas   KGF2530 M55 2019 IIH000036986 11/04/2025 1 1.00 Libro